Things we left behind / (Record no. 30981)

MARC details
000 -LEADER
fixed length control field 02486cam a22002898i 4500
001 - CONTROL NUMBER
control field 23661158
003 - CONTROL NUMBER IDENTIFIER
control field EG-ScBUE
005 - DATE AND TIME OF LATEST TRANSACTION
control field 20250514082514.0
008 - FIXED-LENGTH DATA ELEMENTS--GENERAL INFORMATION
fixed length control field 240426s2023 enk f 000 1 eng d
020 ## - INTERNATIONAL STANDARD BOOK NUMBER
International Standard Book Number 9781399713795
040 ## - CATALOGING SOURCE
Original cataloging agency DLC
Language of cataloging eng
Description conventions rda
Transcribing agency DLC
Modifying agency EG-ScBUE
082 04 - DEWEY DECIMAL CLASSIFICATION NUMBER
Classification number 813.6
Edition number 22
Item number SCO
100 1# - MAIN ENTRY--PERSONAL NAME
Personal name Score, Lucy,
Relator term author.
245 10 - TITLE STATEMENT
Title Things we left behind /
Statement of responsibility, etc Lucy Score.
264 #1 - PUBLICATION, DISTRIBUTION, ETC. (IMPRINT)
Place of publication, distribution, etc London :
Name of publisher, distributor, etc Hodder & Stoughton Ltd,
Date of publication, distribution, etc 2023.
300 ## - PHYSICAL DESCRIPTION
Extent 581, 12 pages ;
Dimensions 18 cm.
336 ## - CONTENT TYPE
Content type term text
Content type code txt
Source rdacontent
337 ## - MEDIA TYPE
Media type term unmediated
Media type code n
Source rdamedia
338 ## - CARRIER TYPE
Carrier type term volume
Carrier type code nc
Source rdacarrier
490 0# - SERIES STATEMENT
Series statement Knockemout
520 ## - SUMMARY, ETC.
Summary, etc "There was only one woman who could set me free. But I would rather set myself on fire than ask Sloane Walton for anything. Lucian Rollins is a lean, mean vengeance-seeking mogul. On a quest to erase his father's mark on the family name, he spends every waking minute pulling strings and building an indestructible empire. The more money and power he amasses, the safer he is from threats. Except when it comes to the feisty small-town librarian that keeps him up at night... Sloane Walton is a spitfire determined to carry on her father's quest for justice. She'll do that just as soon as she figures out exactly what the man she hates did to-or for-her family. Bonded by an old, dark secret from the past and the dislike they now share for each other, Sloane trusts Lucian about as far as she can throw his designer-suited body. When bickering accidentally turns to foreplay, these two find themselves not quite regretting their steamy one-night stand. Once those flames are fanned, it seems impossible to put them out again. But with Sloane ready to start a family and Lucian refusing to even consider the idea of marriage and kids, these enemies-to-lovers are stuck at an impasse. Broken men break women. It's what Lucian believes, what he's witnessed, and he's not going to take that chance with Sloane. He'd rather live a life of solitude than put her in danger. But he learns the hard way that leaving her means leaving her unprotected from other threats. It's the second time he's ruthlessly cut her out of his life. There's no way she's going to give him a third chance. He's just going to have to make one for himself"--
Assigning source Provided by publisher.
650 #7 - SUBJECT ADDED ENTRY--TOPICAL TERM
Source of heading or term BUEsh
Topical term or geographic name as entry element English fiction
Chronological subdivision 21th century.
653 ## - INDEX TERM--UNCONTROLLED
Arrived date list May2025
Resource For college Humanities: English
655 ## - INDEX TERM--GENRE/FORM
Form subdivision Reading book
906 ## - LOCAL DATA ELEMENT F, LDF (RLIN)
a 7
b cbc
c orignew
d 1
e ecip
f 20
g y-gencatlg
942 ## - ADDED ENTRY ELEMENTS (KOHA)
Source of classification or shelving scheme Dewey Decimal Classification
Koha item type Book - Borrowing
Holdings
Withdrawn status Lost status Source of classification or shelving scheme Damaged status Not for loan Collection code Home library Current library Shelving location Date acquired Source of acquisition Cost, normal purchase price Serial Enumeration / chronology Total Checkouts Full call number Barcode Date last seen Date checked out Cost, replacement price Price effective from Koha item type
    Dewey Decimal Classification     Baccah Central Library Central Library Second Floor 14/05/2025 Purchase 901.00 39241 1 813.6 SCO 000057359 25/01/2026 17/01/2026 1126.25 14/05/2025 Book - Borrowing